Normal view
MARC view
- Coba Gutiérrez, Patricia
Entry Nombre Personal
001 - NUMERO DE CONTROL
- campo de control: 59248
003 - IDENTIFICADOR DE NUMERO DE CONTROL
- campo de control: MX-MxUPN
005 - FECHA Y HORA DE LA ÜLTIMA TRANSACCIÓN
- campo de control: 20260413122122.0
008 - DATOS DE LONGITUD FIJA
- campo de control de longitud fija: 971007nn acannaabn a aaa d
010 ## - NÚMERO DE CONTROL DE LA BIBLIOTECA DEL CONGRESO
- Número de control LC: no 97058679
035 ## - NUMERO DE CONTROL
- Número de control: (OCoLC)oca04467442
040 ## - FUENTE DE CATALOGACIÓN
- Agencia original de catalogación: ICU
- Lenguaje de catalogación: spa
- Agencia de transcripción: MX-MxUPN
- Agencia que lo modifica: OCoLC
100 1# - ENCABEZAMIENTO - NOMBRE PERSONAL
- Nombre personal: Coba Gutiérrez, Patricia
400 1# - VEÁSE - NOMBRE DE PERSONA
- Personal name: Gutiérrez, Patricia Coba
670 ## - FUENTE EN LA QUE SE LOCALIZARON DATOS
- Cita de la fuente: De María Magdalena y las otras, 1996:
- Información localizada: portada (Patricia Coba Gutiérrez)
670 ## - FUENTE EN LA QUE SE LOCALIZARON DATOS
- Cita de la fuente: Ficción y conocimiento: análisis de series de televisión, 2023 :
- Información localizada: portada (Patricia Coba Gutiérrez)
- Uniform Resource Identifier: http://hdl.handle.net/20.500.12209/19001
902 ## - CATALOGADOR
- Catalogador: JohanaAllegre/130426
